Business tax handbook.

Bibliographic Details
Main Author: Lasser, J. K. (Jacob Kay), 1896-1954
Format: Book
Language:English
Published: New York : Simon and Schuster, 1949.
Edition:[3d ed.].
Subjects:

MARC

Tag First Indicator Second Indicator Subfields
LEADER 00000cam a2200000 4500
001 in00000063132
005 20151008051142.0
008 750128s1949 nyu 00000 eng
010 |a  50005193  
035 |a (OCoLC)01154170 
035 |9 AAG6078AM 
040 |a DLC  |c HRM  |d TXA  |d UtOrBLW 
049 |a TXAM  |c [175101] 
090 |a KB83.I3  |b L3 1949 
092 |a 336.243  |b L347b3 
100 1 |a Lasser, J. K.  |q (Jacob Kay),  |d 1896-1954. 
245 1 0 |a Business tax handbook. 
250 |a [3d ed.]. 
264 1 |a New York :  |b Simon and Schuster,  |c 1949. 
300 |a xxxii, 792 pages ;  |c 22 cm. 
336 |a text  |b txt  |2 rdacontent 
337 |a unmediated  |b n  |2 rdamedia 
338 |a volume  |b nc  |2 rdacarrier 
500 |a Previous editions published under title: Business tax guide. 
650 0 |a Income tax  |x Law and legislation  |z United States. 
650 0 |a Corporations  |z United States  |x Taxation. 
999 |a MARS 
999 f f |s e59e314f-b19f-348b-8b36-050f40cb4ea0  |i 1364238e-bc28-36d6-9f55-20bc1e5c78f8  |t 0 
952 f f |p ric  |a Texas A&M University  |b Rellis Campus  |c Joint Library Facility  |d Remote Storage  |t 0  |e KB83.I3 L3 1949  |h Library of Congress classification  |i unmediated -- volume  |m A14800749986 
998 f f |a KB83.I3 L3 1949  |t 0  |l Remote Storage